[Event "Luxembourg-chT 0001"]
[Site "Luxembourg"]
[Date "2000.10.08"]
[Round "1"]
[White "Peiffer, Joe"]
[Black "Karp, Daniel"]
[Result "1/2-1/2"]
[WhiteElo "1865"]
[BlackElo "1896"]
[PlyCount "51"]
[EventDate "2000.10.08"]
[EventType "team-tourn"]
[EventRounds "10"]
[EventCountry "LUX"]
[SourceTitle "EXT 2005"]
[Source "ChessBase"]
[SourceDate "2004.11.15"]
[SourceVersion "1"]
[SourceVersionDate "2004.11.15"]
[SourceQuality "1"]
[WhiteTeam "Bissen"]
[BlackTeam "Dommeldange/Beggen"]
[WhiteTeamCountry "LUX"]
[BlackTeamCountry "LUX"]

1. e4 c5 2. Nc3 Nc6 3. f4 g6 4. Nf3 Bg7 5. Bc4 e6 6. f5 Nge7 7. fxe6 dxe6 8. d3 0-0 9. 0-0 Nd4 10. Be3 Nec6 11. Qd2 Nxf3+ 12. gxf3 Na5 13. Bb3 Nxb3 14. axb3 b6 15. Bh6 Bb7 16. Bxg7 Kxg7 17. Qf4 a6 18. Qg3 Rc8 19. e5 Qd4+ 20. Kh1 b5 21. Ne4 Bxe4 22. fxe4 Rc6 23. Ra2 c4 24. bxc4 bxc4 25. b3 cxb3 26. cxb3 1/2-1/2

[Event "Luxembourg-chT 9899"]
[Site "Luxembourg"]
[Date "1998.12.13"]
[Round "5"]
[White "Ackermann, Robert"]
[Black "Karp, Daniel"]
[Result "1/2-1/2"]
[WhiteElo "2030"]
[BlackElo "1865"]
[PlyCount "164"]
[EventDate "1998.10.08"]
[EventType "team-tourn"]
[EventRounds "10"]
[EventCountry "LUX"]
[SourceTitle "EXT 2005"]
[Source "ChessBase"]
[SourceDate "2004.11.15"]
[SourceVersion "1"]
[SourceVersionDate "2004.11.15"]
[SourceQuality "1"]

1. e4 c5 2. Nf3 d6 3. d4 cxd4 4. Nxd4 Nf6 5. Nc3 g6 6. Be3 Bg7 7. f3 0-0 8. Bc4 Nc6 9. Qd2 Nd7 10. 0-0-0 Nb6 11. Bb3 Na5 12. Kb1 Nac4 13. Qe2 Nxe3 14. Qxe3 a5 15. a3 a4 16. Ba2 Bd7 17. h4 Qc7 18. Nd5 Nxd5 19. Bxd5 e6 20. Ba2 Qc5 21. c3 Rfd8 22. Nc2 Qxe3 23. Nxe3 Ra6 24. Nc2 Rb6 25. Nb4 Rc8 26. h5 Bb5 27. hxg6 hxg6 28. Rd2 Bc4 29. Bxc4 Rxc4 30. Rhd1 Be5 31. Kc2 Bf4 32. Rd4 Rxd4 33. Rxd4 Be3 34. Rc4 Rb5 35. Nd3 Ra5 36. Rc7 Rb5 37. Rd7 Rb6 38. Rd8+ Kg7 39. Ra8 Ra6 40. Rxa6 bxa6 41. Nb4 a5 42. Nc6 Bb6 43. Kd3 Kf6 44. Nd4 d5 45. Ne2 g5 46. exd5 exd5 47. c4 dxc4+ 48. Kxc4 Ke5 49. Kb5 Bc7 50. Kxa4 Kd5 51. Kb3 f5 52. Kc2 g4 53. Kd3 gxf3 54. gxf3 Bd6 55. Nd4 Be5 56. Nxf5 Bxb2 57. Ne3+ Kc5 58. Nc4 Bc1 59. Kc3 Kb5 60. Nb2 a4 61. Kc2 Bf4 62. Kd3 Bd6 63. Nc4 Bf4 64. Kd4 Bc1 65. Kd5 Bf4 66. Nd6+ Kb6 67. Nc4+ Kb5 68. Ne5 Bc1 69. Nc4 Bf4 70. Nd6+ Kb6 71. Ne4 Bc1 72. Nc3 Bxa3 73. Nxa4+ Kc7 74. f4 Kd7 75. f5 Ke7 76. Nc3 Kf6 77. Ke4 Bd6 78. Nd5+ Kf7 79. Ne3 Be7 80. Ng4 Bd6 81. Kd5 Be7 82. Ke5 Bg5 1/2-1/2